000 02078cam a22005054i 4500
003 PE-LiUPU
005 20250731170435.0
008 150625s r 000 0 d
035 _a(Sirsi) a30983
040 _aPE-LiUPU
_bspa
_cPE-LiUPU
_erda
082 0 4 _a131.33
_bC75
_221
100 1 _aCooper, Cary L.,
_eautor.
245 1 0 _aEstres y cancer.
264 1 _aMadrid :
_bLormo,
_c1986.
336 _atext
_2rdacontent
337 _aunmediated
_2rdamedia
338 _avolume
_2rdacarrier
505 0 _aVisión de conjunto: Una revisión de las orientaciones de investigación e historias. - Los precursores psicosociales del cancer: Cancer estrés y depresión, Inventario del estres-personalidad y cancer del pulmón, Metodología en los estudios del cancer y acontecimientos de la vida. - Procesos psicofisiológicos: Patología del estrés:interacciones inmunologicas con el sistema nervioso central, Estrés: un plantemiento psicofisiológico del cancer. - El control de los factores psicosociales en los pacientes de cáncer: Buena salud y trabajo, Factores psicosociales en el control de los pacientes de cáncer. - Vista de conjunto metodologica de los esudios sobre el estres psicosocial y el cancer .
526 _aSEG68
526 _aSEG70
526 _aSEG69
526 _aSEG67
526 _aSEG43
526 _aP144
526 _aP143
526 _aP131
526 _aP122
526 _aP120
526 _aP117
526 _aP112
526 _aP110
526 _aP106
526 _aP101
526 _aP80
526 _aP59
526 _aP54
526 _aP35
526 _aP33
526 _aP30
942 _2ddc
_cBOOK
949 _a131.33 C75
_wDEWEY
_c1
_i36689
_lCCODEBUL1
_mBUL
_p00.00
_r0
_sY
_tBOOK
_u2015-06-25
_xBIBLIOTECA
_zUNKNOWN
_0COMPRA
_o.STAFF. Colección General
596 _a1
999 _a131.33 C75
_wDEWEY
_c38486
_i36689
_d38486
_e2017-5-9
_f2022-5-16
_g5
_lCCODEBUL1
_mBUL
_n4
_q2
_r0
_sY
_tBOOK
_u2015-6-25
_xSALUD
_zUNKNOWN
_0COMPRA
_o.STAFF. Colección General
980 _81
_gALBERTO SANCHEZ Responsable de Automatización